European First-Level Subdivisions: Sudden death - Statistics

General Stats
  • This quiz has been taken 468 times
    101 since last reset
  • The average score is 10 of 31
Answers on the Grid
Answers color-coded by a green-red scale on the quiz's grid according to % correct below.
Greenland
Hai Phong
Jammu and Kashmir
Tibet
Sharjah
Aden
Saint Patrick’s
Kingstown
Ramallah
Unity
Jewish
Baikonur
Gauteng
San Pedro Sula
Middle Juba
Texas
Zürich
Valais
Ljubljana
Vilnius
Riga
Holy Cross
Sakhalin
Burgenland
Baghdad
Tyrol
O’Higgins
Smolensk
Pará
Hesse
Brabant
Grevenmacher
Abkhazia
Transnistria
Busan
Kyiv
Oxford
Telemark
Libreville
Central Ostrobothnia
Batman
Catalonia
Utrecht
Nizhny Novgorod
Tokyo
Lombardy
Cagayan
Gagauzia
Paro
Harghita
Darkhan-Uul
Värmland
Linz
Cantemir District
Mizoram
Valencia
Cyprus U.N buffer zone
Aegean
Highlands
Budapest
Tehran
Cluj
Sakha Republic
Zealand
Yakutia
Republika Srpska
Yerevan
Diekirch
Hunan
Corsica
 
Answer Stats
Answer % Correct
Kyiv
51%
Lombardy
49%
Vilnius
49%
Zürich
48%
Catalonia
46%
Tyrol
44%
Valencia
43%
Corsica
41%
Budapest
40%
Utrecht
38%
Riga
37%
Zealand
37%
Transnistria
35%
Ljubljana
33%
Cluj
32%
Nizhny Novgorod
32%
Valais
32%
Burgenland
30%
Hesse
30%
Värmland
30%
Republika Srpska
27%
Smolensk
27%
Central Ostrobothnia
22%
Diekirch
22%
Aegean
21%
Grevenmacher
19%
Holy Cross
19%
Telemark
19%
Gagauzia
17%
Cantemir District
6%
Harghita
6%
No matching quizzes found
Score Distribution
Percent of People with Each Score
Percentile by Number Answered
Your Score History
You have not taken this quiz since the last reset